Responses for Show #5975 - Friday, July 30, 2010

Last game of Season 26.

Contestants

[<< previous game]

James Richardson, a history student from Belton, Texas

J.D. Lowry, a copyright attorney from Las Vegas, Nevada

Meg Miller, a high school Latin teacher from Milton, Massachusetts (whose 1-day cash winnings total $12,900)

[next game >>]

Jeopardy! Round responses

HERE COMES THE SUN KING
IT'S GOOD TO BE HIM
STATE MOTTOES
SHOW ME THE MONKEY
SAY CHEESE
SPAT THA PROPERLY SPELLD WURD
    $200 21
Versailles

J.D.
    $200 16
Brad Pitt

Meg
    $200 6
God

Meg
    $200 5
(J.D. Oh...)
(Alex: Say something!)
(J.D. What are [*]?)

humans

J.D.
    $200 1
feta

Meg
    $200 9
(Alex: That's the properly spelled word.)

fantasies

Meg
    $400 25
a pendant

J.D.
    $400 17
Justin Timberlake

J.D.
    $400 7
Eureka

Meg
    $400 14
tails

Meg
    $400 2
cherry

James
    $400 10
possess

James
    $600 11
(J.D. What is the Forty Years' War?)

the Thirty Years' War

J.D.James
    $600 22
[Alex reads "H.S." in the clue as "high school".]

LeBron James

James
    $600 8
conquers all

J.D.
    $600 15
Hinduism

J.D.
    $600 3
Colby

Meg
    $600 18
dependent

Meg
    $800 29
Voltaire

Meg
    $800 26
Josh Groban

J.D.
    $2,400 24
(Meg: What is brotherhood?)
(Alex: No, virtue, liberty, [*]. [*] Hall.)

Independence

Meg
    $800 30
during the daytime

J.D.
    $800 4
(James: What is Havarti and Gouda?)

Edam & Gouda

J.D.James
    $800 19
experts

Meg
    $1000 12
L'etat c'est moi

Meg
    $1000 28
Tom Brady

James
    $1000 27
"North to the Future"

Triple Stumper
    $1000 23
a drill

Meg
    $1000 13
fontina

J.D.
    $1000 20
sacrilegious

Meg

Scores at the first commercial break (after clue 15):

Meg J.D. James
$3,000 $2,600 $600

Scores at the end of the Jeopardy! Round:

Meg J.D. James
$5,000 $5,200 $2,200

Double Jeopardy! Round responses

"NIGHT" & "DAY"
YOU ARE THE JUAN
UNREAL ESTATE
SAY WHAT, BOB?
BIRTHQUAKES
THE CLEVELAND CLINIC
(Jimmy: ...on the cutting edge of medicine and reducing medical bureaucracy.)
    $400 1
daycare

Meg
    $400 6
Don Juan

James
    $400 14
Narnia

J.D.
    $400 5
the Moon

J.D.
    $400 3
Princess Anne

J.D.
    $400 4
X rays

J.D.
    $800 2
a nightcap

J.D.
    $800 7
San Juan Capistrano

Meg
    $800 17
Eastwick

James
    $800 10
a cow

James
    $800 16
Hideo Nomo

J.D.
    $800 15
a face transplant

Meg
    $1200 8
DayGlo

J.D.
    $1200 9
the United States & Canada

J.D.
    $1200 21
(J.D.: What is Sleepy Valley?)

Sleepy Hollow

MegJ.D.
    $1200 11
(J.D.: What is a ticket?)
(James: What is a throat?)

a cigarette

J.D.James
Triple Stumper
    $1200 24
Charles Dickens

J.D.
    $1600 19
the nightingale

James
    $1600 18
Catalina (Island)

J.D.
    $1600 23
Utopia

James
    $1600 12
(Alex: Yes, "Like A Rolling Stone".)

a Siamese cat

James
    $2000 22
(Alex: Good, with a minute left.)

day-for-night

J.D.
    $2000 20
the IOC

James
    $2000 26
[The end-of-round signal sounds.]

Ruritania

Triple Stumper
    $3,800 13
(Alex: [Before the wager] Some of these lyrics are very testing.)

(T.S.) Eliot

James
    $2000 25
Norm Coleman

J.D.

Scores at the end of the Double Jeopardy! Round:

Meg J.D. James
$8,200 $15,200 $13,600

[wagering suggestions for these scores]

Final Jeopardy! Round responses

THE 9 MUSES
(Alex: [To James] That's a place south of the border.)
MegWho is Terpsichore?
$8,199
JamesWho is Musicos?
$6,400
J.D.Who is Polyhymnia?
$12,050
Terpsichore

Final scores:

Meg J.D. James
$16,399 $3,150 $7,200
2-day champion: $29,299 3rd place: $1,000 2nd place: $2,000

Game dynamics:

Coryat scores:

Meg J.D. James
$10,600 $15,200 $11,800
17 R,
1 W
(including 1 DD)
22 R,
3 W
13 R
(including 1 DD),
2 W

Combined Coryat: $37,600

[game clues] [game scores] [suggest correction]

Game tape date: 2010-03-16
The J! Archive is created by fans, for fans. Scraping, republication, monetization, and malicious use prohibited; this site may use cookies and collect identifying information. See terms. The Jeopardy! game show and all elements thereof, including but not limited to copyright and trademark thereto, are the property of Jeopardy Productions, Inc. and are protected under law. This website is not affiliated with, sponsored by, or operated by Jeopardy Productions, Inc. Join the discussion at JBoard.tv.